Vấn đề môi trường trong quá trình phát triển kinh tế - xã hội ở Việt Nam /

Guardado en:
Detalles Bibliográficos
Autor principal: Lê Quang Thành.
Formato: Artículo
Lenguaje:Vietnamese
Materias:
Etiquetas: Agregar Etiqueta
Sin Etiquetas, Sea el primero en etiquetar este registro!
Thư viện lưu trữ: Thư viện Trường Đại học Đà Lạt
LEADER 00788nam a2200253 4500
001 DLU090101493
005 ##20091202
040 # # |a DLU  |b vie 
041 # # |a vie 
044 # # |a vn 
100 # # |a Lê Quang Thành. 
245 # # |a Vấn đề môi trường trong quá trình phát triển kinh tế - xã hội ở Việt Nam /  |c Lê Quang Thành. 
653 # # |a Bảo vệ môi trường 
653 # # |a Phát triển bền vững 
773 # # |t Thông tin Khoa học Xã hội  |g Số 4(256), 2004, tr. 25-31 
920 # # |a Phòng Tạp chí -- Trung tâm Thông tin - Thư viện Trường Đại học Đà Lạt 
994 # # |a DLU 
900 # # |a True 
911 # # |a Đào Thị Thu Huyền 
925 # # |a G 
926 # # |a A 
927 # # |a BB 
980 # # |a Thư viện Trường Đại học Đà Lạt